00732 2200253 4500001002100000005001700021008004100038020001800079035002400097040001200121082000800133090001500141100002100156245010600177250001000283260003000293300002500323504003100348650002100379700002400400850001200424990002100436990002100457YOGYA-0209000003739920090227025240.0 ind  a979-3417-86-2 0010-020900000037399 aYOPDYOG a302 a302bTan P aTANIPUTERA, Ivan aPsikologi kepribadianbpsikologi barat varsus buddhismecIvan Taniputera ; editor, Abdul Qadir Shaleh aCet.1 aYogyakartabAr-Ruzzc2005 a304 hlmbilusc20 cm aBibliografi : hlm. 301-304 aPsikologi sosial aShaleh, Abdul Qodir aYOPDYOG a11195-PD/B.05b1 a11196-PD/B.05b1